00406nam a2200157 a 45000010005000000030009000050080041000140400028000550820009000831000026000922450039001182600029001573000015001864900024002016500023002252390CO-ViMGA141112s2004 ck r 000 u spa d aCO-ViMGAbspacCO-ViMGA04aSIEh1 aSierre i Fabra, Jordi10aEl hombre que perdió su imágen aMadrid : bAnaya, c1992 a124 p : il aEl duende verde, 5214aCUENTOS INFANTILES